Resumo de direito administrativo / (Record no. 729)

MARC details
000 -LÍDER
Campo Fixo de Controle 00806nam a2200265 a 4500
001 - NÚMERO DE CONTROLE
Campo de Controle 729
003 - IDENTIFICAÇÃO DO NÚMERO DE CONTROLE
Campo de Controle BR-CuiBMT
005 - DATA E HORA DA ÚLTIMA ATUALIZAÇÃO
Campo de Controle 20231114211157.0
008 - DADOS FIXOS
Dados Fixos 231114s2004 spba | 001 0 por d
020 ## - INTERNATIONAL STANDARD BOOK NUMBER
Nº do ISBN 8574206032
040 ## - AGÊNCIA CATALOGADORA
Código da Agência Catalogadora BR-CuiBMT
Agência que transcreveu o registro BR-CuiBMT
080 ## - Nº DA CLASSIFICAÇÃO DECIMAL UNIVERSAL
Nº edição CDU 2007
Nº Class. CDU 342.9
090 ## - NÚMERO DE CHAMADA
Nº classificação 342.9
Cutter F959r
Ano/Edição 17. ed.
100 1# - ENTRADA PRINCIPAL -- AUTOR PESSOAL
Nome pessoal Führer, Maximilianus Cláudio Américo,
Datas associadas ao nome 1929-
245 ## - TÍTULO PRINCIPAL
Título principal Resumo de direito administrativo /
Indicação de responsabilidade Maximilianus Cláudio Américo Führer, Maximiliano Roberto Ernesto Führer.
250 ## - EDIÇÃO
Edição 17. ed.
260 ## - PUBLICAÇÃO, DISTRIBUIÇÃO, ETC.
Local de publicação São Paulo :
Editora Malheiros,
Data 2004.
490 ## - INDICAÇÃO DE SÉRIE
Título da série Resumos
Volume/designação sequencial da série 7
504 ## - NOTA DE BIBLIOGRAFIA, ETC.
Nota de bibliografia Inclui bibliografia e índice.
650 ## - ASSUNTO TÓPICO
Cabeçalho tópico ou nome geográfico Direito administrativo
650 ## - ASSUNTO TÓPICO
Cabeçalho tópico ou nome geográfico Mandado de segurança
650 ## - ASSUNTO TÓPICO
Cabeçalho tópico ou nome geográfico Serviços públicos
830 ## - ENTRADA SECUNDÁRIA DE SÉRIE -- TÍTULO UNIFORME
Título uniforme Resumos
Nº do volume/designação sequencial da série 7
942 ## - ELEMENTOS DE ENTRADA ADICIONAIS (KOHA)
Fonte de classificação ou esquema de arquivamento Classificação Decimal Universal
Tipo de item do Koha Livros
Holdings
Estado: removido Estado: perdido Fonte de classificação ou esquema de arquivamento Estado: danificado Indisponível para empréstimo Localização permanente Localização atual Data de aquisição Total Checkouts Número de Chamada completo Código de barras Date last seen Número do exemplar Preço efetivo a partir de Tipo de item (Koha)
    Classificação Decimal Universal     Biblioteca da Escola Superior de Contas do TCE/MT Biblioteca da Escola Superior de Contas do TCE/MT 14/11/2023   342.9 F959r BIBTCEMT23110583 14/11/2023 Ex. 1 14/11/2023 Livros

Powered by Koha